000 00448nam a2200181Ia 4500
001 19454
005 20260306172654.0
008 260306t2017||||xx |||||||||||||| ||spa||
041 _aESP
082 _a346C5
_bG81 2017
100 _aEditora y Librería Jurídica Grijley E.I.R.L.
_eAUT
245 0 _aCódigo civil
260 _c2017
300 _aXVI, 1066 páginas :
_c20 cm.
650 _aGEN
654 _aCDE
942 _cLIB
_dJUS
_fJUS
_2ddc
_n
999 _c19454
_d19454